000 00466nam a2200193Ia 4500
005 20250425162826.0
008 250425s9999 xx 000 0 und d
020 _a9780133594140
041 _aeng
082 _a004.6
_pKUR
100 _aKUROSE, JAMES F.
245 0 _aCOMPUTER NETWORKING
250 _a7MA ED.
264 _aEstados Unidos, NEW YORK
_bPEARSON
_c2017.
300 _a824
650 _aREDES DE COMPUTADORAS
942 _c01
010 _a110513
999 _c237206
_d237206